| 000 | 00721nam a22002297i 4500 | ||
|---|---|---|---|
| 003 | URS | ||
| 005 | 20220117120401.0 | ||
| 008 | 180518b xxu||||| |||| 00| 0 eng d | ||
| 020 | _a9719339950 | ||
| 040 |
_erda _cURS _beng |
||
| 050 |
_aLB1027.5 _b.L37 2006 |
||
| 100 | _a Leaño, Roman D., Jr. | ||
| 245 |
_a Principles and practices of guidance and counseling / _cRoman D. Leaño, Jr.. -- |
||
| 264 | 1 |
_a Makati City : _b Mindshapers, _c2006. |
|
| 300 |
_a271 pages : _c23 cm |
||
| 336 |
_atext _btxt _2rdacontent |
||
| 337 |
_aunmediated _bn _2rdamedia |
||
| 338 |
_avolume _bnc _2rdacarrier |
||
| 500 | _a Includes bibliographical references. | ||
| 650 | _a Personnel service in education. | ||
| 942 |
_2lcc _cF |
||
| 999 |
_c4534 _d4534 |
||